1137 1221 1687 1097 1712 1767 1048 1183 1351 1503 1741 1721 1234 1906 1808 1746 1926 1100 1267 1210 1539 2000 1223 1747 1795 1141 1276 1620 1283 1422 1761 1036 1134 1299 1334 1382 1486 1461 1564 1283 1457 1895 1287 1244 1039 1661 1835 1487 1834 1371 1296 1041 1134 1491 1711 1057 1198 1902 1466 1055 1813 1307 1413 1616 1581 1415 1741 1659 1959 1573 1923 1838 1583 1605 1886 1555 1376 1345 1656 1037 1949 1113 1909 1564 1921 1537 1768 1964 1114 1399 1229 1699 1817 1395 1005 1710 1885 1643 1595 BCNSPRNW ULIB Ver.6.0+V

เปลี่ยนเป็นภาษาไทย

Change to English
 แสดงรายละเอียดบรรณานุกรม
  กลับหน้าหลัก

Brief Record : Get Marc (ISO 2709) : E-mail record : QR code < ปิดหน้าต่าง
LEADER : 00000nam 2200000uu 4500
001    13399114022
003     ULIB
008    110320s||||||||th 000 0 tha d
099    วจ.WA590^bป525ร
100 0  ปัณณธร ชัชวรัตน์
245 00 รูปแบบการส่งเสริมพฤติกรรมสุขภาพของพระสงฆ์/^cปัณณธร ชัชวรัตน์,สุชาดา อินทรกำแหง ณ ราชสีมา,นุศรา วิจิตรแก้ว,วิภา เอี่ยมสำอางค์ กาลามินโร,โรชินี อุปรา,วรรณวดี เนียมสกุล และ ประจวบ แหลมหลัก
260    พะเยา :^bวิทยาลัยเครือข่ายภาคเหนือ,^c2554
300    82 หน้า :^bตาราง
500    รายงานการวิจัย
650  7 การส่งเสริมพฤติกรรมสุขภาพ^xพระสงฆ์^xวิจัย
650  7 พฤติกรรมสุขภาพ^xวิจัย
700 0  สุชาดา อินทรกำแหง ณ ราชสีมา
700 0  นุศรา วิจิตรแก้ว
700 0  วิภา เอี่ยมสำอางค์ กาลามินโร
700 0  โรชินี อุปรา
700 0  วรรณวดี เนียมสกุล
700 0  ประจวบ แหลมหลัก
710 2  วิทยาลัยเครือข่ายภาคเหนือ
945    ^p0^l0^i030987
995    ทศพร
999 ^a ใช้งานได้ทุกระบบ
รายการนี้ยังไม่มีแท็ก
คุณยังไม่ได้ล็อกอิน คุณสามารถมีกิจกรรมร่วมกับเว็บไซต์ได้ แต่ต้องล็อกอินก่อน ::
  ล็อกอิน

รายการสื่อสารสนเทศ

ลำดับที่ ประเภท เลขเรียก/บาร์โค้ด สถานที่ สถานะ
1. งานวิจัย
งานวิจัย
วจ.WA590 ป525ร ฉ.1 
  Barcode: 030987
ห้องสมุดวิทยาเขตสวรรค์ประชารักษ์
►วิจัย
บนชั้น

รายการใกล้เคียง
    ผู้แต่ง [ปัณณธร ชัชวรัตน์]

BibComment


ยังไม่เคยถูกคอมเมนท์

คอมเมนท์ทรัพยากรรายการนี้
  คอมเมนท์: รูปแบบการส่งเสริม..


 Copyright 2026. Bcnsprnw @Library